000 00727nas a2200265 4500
001 BR5900261
003 BR-BrBNA
005 20231205082025.0
007 ta
008 230509b bl.|||p| |||| 00| 00por d
040 _aBR-BrBNA
_bpor
_cBiblioteca Nacional de Agricultura
041 _a(Pt)
072 _aL73; L70
100 1 _aMancuso, P.C.
100 1 _aBauer, A.G.
245 1 _aProteinograma do soro de equinos inoculados com Virus fixo de Pasteur
650 _aRAIVA
650 _aIMUNOLOGIA
650 _aVACINA
650 _aSORO
650 _aEQUINO
773 0 _tDIPAN (Brazil)
_x
_g(Mar 1959 - Apr 1960), v. 13(128) p. 7-15
_wBR5900261
909 _a202311
_bLúcia
_c55
_dLúcia Elande
942 _2AGRIS
_n0
_cANA
999 _c88632
_d88632